000 00790cam a2200253 a 4500
001 000005309
005 20200929151635.0
008 940314s1993 sp a b 001 p spa
020 _a8437612020
040 _aDO-SdBNP
_cDLC
082 _a869.1
_bV632l
100 1 _aVicente, Gil,
_d1465?- 1536.
_915080
245 1 0 _aLírica /
_cGil Vicente ; edición de Armando López Castro.
260 _aMadrid :
_bCátedra,
_c1993.
300 _a253 p. :
_bil. ;
_c18 cm.
490 1 _aLetras hispánicas
_v370
650 4 _aPoesía portuguesa
_915081
650 4 _aPoesía lírica
_93066
650 4 _aLiteratura portuguesa
_912952
700 1 _aLópez Castro, Armando,
_d1949-,
_eed.
_915082
830 0 _aLetras hispánicas ;
_v370
_94208
910 _aCatalogación por copia / LC
910 _aWM
999 _c5110
_d5110